Fine Arts - Auditory Fine Arts | 1 | 4 | 0 | 0 | 55 | 54 | 83.40 | 0 | 4 |
Literature - European Literature | 0 | 5 | 1 | 0 | 45 | 96 | 112.00 | 1 | 3 |
Literature - American Literature | 0 | 4 | 0 | 0 | 40 | 83 | 107.50 | 0 | 4 |
| 0 | 3 | 0 | 0 | 30 | 121 | 140.00 | 0 | 3 |
Fine Arts - Visual Fine Arts | 0 | 3 | 0 | 0 | 30 | 85 | 111.33 | 0 | 3 |
Literature - British Literature | 2 | 0 | 0 | 0 | 30 | 67 | 73.50 | 0 | 2 |
Beliefs | 0 | 2 | 0 | 0 | 20 | 74 | 84.50 | 0 | 2 |
Other Arts: Visual | 0 | 2 | 0 | 1 | 20 | 83 | 112.00 | 0 | 2 |
Current Events | 0 | 2 | 0 | 0 | 20 | 65 | 81.50 | 2 | 2 |
History - American History | 1 | 1 | 2 | 0 | 15 | 46 | 63.00 | 1 | 2 |
History - World History | 1 | 0 | 0 | 0 | 15 | 52 | 52.00 | 0 | 1 |
History - European History | 0 | 1 | 0 | 1 | 10 | 129 | 129.00 | 0 | 1 |
Religion | 0 | 1 | 0 | 0 | 10 | 105 | 105.00 | 0 | 1 |
Science - Chemistry | 0 | 1 | 0 | 1 | 10 | 117 | 117.00 | 0 | 0 |
Other Arts: Auditory | 0 | 1 | 0 | 0 | 10 | 101 | 101.00 | 0 | 1 |
Other Science: Earth Science | 0 | 1 | 0 | 1 | 10 | 125 | 125.00 | 0 | 1 |
Chemistry> | 0 | 0 | 1 | 0 | -5 | | 0.00 | 0 | 0 |
Science - Physics | 0 | 0 | 1 | 0 | -5 | | 0.00 | 0 | 0 |
Social Science | 0 | 0 | 2 | 0 | -10 | | 0.00 | 0 | 0 |